00319nam a2200133Ia 4500008004100000020001800041041000800059082001100067100001300078245002300091260004400114300000800158999001900166230822s2011 xx 000 0 und d a9770000000000 aeng a720.92 aCORREA C aPA RO ARCHITECT 22 bARCTURUS PUBLICATIONS LTD, LONDONc2011 a239 c858823d858823